| 000 | 01152nas a2200361 4500 | ||
|---|---|---|---|
| 001 | BR2013003918 | ||
| 003 | BR-BrBNA | ||
| 005 | 20231205122358.0 | ||
| 007 | ta | ||
| 008 | 230509b bl.|||p| |||| 00| 00por d | ||
| 040 |
_aBR-BrBNA _bpor _cBiblioteca Nacional de Agricultura |
||
| 041 | _a(Pt) | ||
| 072 | _aL51 | ||
| 100 | 1 | _aLohmann, A.C. | |
| 100 | 1 | _aPozza, P.C. | |
| 100 | 1 | _aNunes, R.V. | |
| 100 | 1 | _aPozza, M.S.S. | |
| 100 | 1 | _aVenturi, I. | |
| 100 | 1 | _aPasquetti, T.J. | |
| 100 | 1 | _a | |
| 100 | 1 | _a | |
| 245 | 1 | _aDigestibilidade da silagem de grãos úmidos de milho com diferentes granulometrias para suínos | |
| 246 | 1 | _aDigestibility of high moisture corn grain silage with different particle size for swines | |
| 650 | _aSUÍNO | ||
| 650 | _aSILAGEM | ||
| 650 | _aMILHO | ||
| 650 | _aDIGESTIBILIDADE | ||
| 650 | _aGRANULOMETRIA | ||
| 773 | 0 |
_tArquivo Brasileiro de Medicina Veterinária e Zootecnia (Brazil) _xISSN 0102-0935 _g(Feb 2010), v. 62(1) p. 154-162 _wBR2013003918 |
|
| 856 | 4 | 0 | _uhttp://www.scielo.br/pdf/abmvz/v62n1/v62n1a21.pdf |
| 909 |
_a202311 _bLúcia _c55 _dLúcia Elande |
||
| 942 |
_2AGRIS _n0 _cANA |
||
| 999 |
_c228344 _d228344 |
||